Villes / Pays ayant accueilli les J.O - Statistiques

Statistiques générales
  • Ce quiz a été pris 219 fois
  • Le résultat moyen est 31 sur 54
Statistiques - réponses
Années Saison Villes % Correct
1900 Été Paris
99%
1924 Été Paris
99%
2024 Été Paris
99%
1908 Été Londres
92%
1948 Été Londres
92%
2012 Été Londres
92%
2008 Été Pékin
91%
2022 Hiver Pékin
91%
1964 Été Tokyo
91%
2020/2021 Été Tokyo
91%
1932 Été Los Angeles
90%
1984 Été Los Angeles
90%
1992 Été Barcelone
89%
2016 Été Rio
89%
1896 Été Athènes
88%
2004 Été Athènes
88%
1936 Été Berlin
86%
1960 Été Rome
83%
2000 Été Sydney
80%
1980 Été Moscou
79%
1968 Été Mexico
72%
1988 Été Séoul
69%
1996 Été Atlanta
68%
1972 Été Munich
63%
1976 Été Montréal
60%
1928 Été Amsterdam
58%
1952 Été Helsinki
58%
2014 Hiver Sotchi
58%
1912 Été Stockholm
58%
2010 Hiver Vancouver
57%
1952 Hiver Oslo
56%
1992 Hiver Albertville
54%
2006 Hiver Turin
53%
1956 Été Melbourne
49%
1968 Hiver Grenoble
46%
1920 Été Anvers
40%
1924 Hiver Chamonix
39%
2002 Hiver Salt Lake
38%
1904 Été Saint-Louis
36%
1964 Hiver Innsbruck
25%
1976 Hiver Innsbruck
25%
2018 Hiver Pyeongchang
25%
1984 Hiver Sarajevo
25%
1988 Hiver Calgary
23%
1994 Hiver Lillehammer
23%
1998 Hiver Nagano
22%
1928 Hiver Saint-Moritz
19%
1948 Hiver Saint-Moritz
19%
1956 Hiver Cortina
16%
1932 Hiver Lake Placid
14%
1980 Hiver Lake Placid
14%
1972 Hiver Sapporo
14%
1936 Hiver Garmisch-Partenkirchen
10%
1960 Hiver Squaw Valley
9%
Aucun quiz correspondant
Distribution des résultats
% des personnes avec chaque résultat
Percentile par nombre de réponses
Votre historique - résultats
Vous n’avez pas pris ce quiz